The noble scholar, jurist, historian


 His Excellency Dr. Abdul Wahhab bin Ibrahim Abu Sulaiman, may Allah have mercy on him.


 He was born in Umm Al-Qura in the year 1356 AH.

هذا الكتاب المسمى بصلح الجماعتين بجواز تعدد الجمعتين / (Record no. 14047)

MARC details
000 -LEADER
fixed length control field 03401cam a2200433 i 4500
003 - CONTROL NUMBER IDENTIFIER
control field SA-RiAUC
005 - DATE AND TIME OF LATEST TRANSACTION
control field 20260114115535.0
008 - FIXED-LENGTH DATA ELEMENTS--GENERAL INFORMATION
fixed length control field 260103s1894 su g 00000dara c
040 ## - CATALOGING SOURCE
Original cataloging agency SA-RiKSU
Language of cataloging ara
Transcribing agency SA-RiAUC
Description conventions rda
082 04 - DEWEY DECIMAL CLASSIFICATION NUMBER
Classification number 252.23
Assigning agency SA-RiAUC
090 ## - LOCALLY ASSIGNED LC-TYPE CALL NUMBER (OCLC); LOCAL CALL NUMBER (RLIN)
Classification number (OCLC) (R) ; Classification number, CALL (RLIN) (NR) م ن 252.23
Local cutter number (OCLC) ; Book number/undivided call number, CALL (RLIN) خ ط ي
100 1# - MAIN ENTRY--PERSONAL NAME
Personal name الخطيب، أحمد بن عبد اللطيف،
Dates associated with a name توفي 1306 هجري
Relator term مؤلف.
245 10 - TITLE STATEMENT
Title هذا الكتاب المسمى بصلح الجماعتين بجواز تعدد الجمعتين /
Statement of responsibility, etc. تأليف أحمد الخطيب ابن عبد اللطيف الخطيب ابن عبد الله المنكاباوي الجاوي. وبهامشه ثلاث رسائل إحداها تتعلق بشروط الجمعة وجواز تعددها بقدر الحاجة في بلدة واحدة ؛ والثانية تتعلق بجواز العمل بالقول القديم للإمام الشافعي رضي الله عنه في صحة الجمعة بأربعة / لأبي بكر ابن السيد محمد شطا. والثالثة هي نور اللمعة في خصائص الجمعة / لجلال الدين عبد الرحمن السيوطي.
246 30 - VARYING FORM OF TITLE
Title proper/short title صلح الجماعتين بجواز تعدد الجمعتين
250 ## - EDITION STATEMENT
Edition statement الطبعة الأولى.
264 #1 - PRODUCTION, PUBLICATION, DISTRIBUTION, MANUFACTURE, AND COPYRIGHT NOTICE
Place of production, publication, distribution, manufacture مكة المكرمة :
Name of producer, publisher, distributor, manufacturer المطبعة الميرية،
Date of production, publication, distribution, manufacture, or copyright notice [1894]
300 ## - PHYSICAL DESCRIPTION
Extent 68 صفحة ؛
Dimensions 28 سم
336 ## - CONTENT TYPE
Content type term نص
Content type code txt
Source rdacontent
Materials specified كتاب
337 ## - MEDIA TYPE
Media type term بدون وسيط
Media type code n
Source rdamedia
338 ## - CARRIER TYPE
Carrier type term مجلد
Carrier type code nc
Source rdacarrier
351 ## - ORGANIZATION AND ARRANGEMENT OF MATERIALS
Arrangement مرتبة بنظام التعقيبات.
500 ## - GENERAL NOTE
General note يوجد بآخر الكتاب تقريظ لأحد علماء الشافعية.
500 ## - GENERAL NOTE
General note هذا الكتاب مأخوذ عن النسخة المطبوعة في بتاوي سنة : 1286 هـ.
500 ## - GENERAL NOTE
General note ورد على صفحة العنوان أبيات شعرية في مدح الكتاب.
600 17 - SUBJECT ADDED ENTRY--PERSONAL NAME
Personal name الإمام الشافعي، محمد بن إدريس بن العباس،
Dates associated with a name 150-204 هجري
General subdivision آراء حول الصلاة
Source of heading or term aucnm
650 #7 - SUBJECT ADDED ENTRY--TOPICAL TERM
Topical term or geographic name entry element صلاة الجمعة
Source of heading or term aucsh
650 #7 - SUBJECT ADDED ENTRY--TOPICAL TERM
Topical term or geographic name entry element الفقه الشافعي
Source of heading or term aucsh
650 #7 - SUBJECT ADDED ENTRY--TOPICAL TERM
Topical term or geographic name entry element العبادات (فقه إسلامي)
Source of heading or term aucsh
700 12 - ADDED ENTRY--PERSONAL NAME
Personal name أبو بكر شطا، أبو بكر بن محمد شطا،
Dates associated with a name 1266-1310 هجري
Title of a work رسالة تتعلق بشروط الجمعة وجواز تعددها بقدر الحاجة في بلدة واحدة.
700 12 - ADDED ENTRY--PERSONAL NAME
Personal name أبو بكر شطا، أبو بكر بن محمد شطا،
Dates associated with a name 1266-1310 هجري
Title of a work رسالة تتعلق بجواز العمل بالقول القديم للإمام الشافعي رضي الله عنه في صحة الجمعة بأربعة.
700 12 - ADDED ENTRY--PERSONAL NAME
Personal name الجلال السيوطي، عبد الرحمن بن أبي بكر بن محمد،
Dates associated with a name 849-911 هجري
740 02 - ADDED ENTRY--UNCONTROLLED RELATED/ANALYTICAL TITLE
Uncontrolled related/analytical title رسالة تتعلق بشروط الجمعة وجواز تعددها بقدر الحاجة في بلدة واحدة.
740 02 - ADDED ENTRY--UNCONTROLLED RELATED/ANALYTICAL TITLE
Uncontrolled related/analytical title رسالة تتعلق بجواز العمل بالقول القديم للإمام الشافعي رضي الله عنه في صحة الجمعة بأربعة.
740 02 - ADDED ENTRY--UNCONTROLLED RELATED/ANALYTICAL TITLE
Uncontrolled related/analytical title نور اللمعة في خصائص الجمعة.
856 4# - ELECTRONIC LOCATION AND ACCESS
Uniform Resource Identifier <a href="http://10.10.10.21/hipres/1261/book.Web/bookTestPage.html">http://10.10.10.21/hipres/1261/book.Web/bookTestPage.html</a>
856 4# - ELECTRONIC LOCATION AND ACCESS
Uniform Resource Identifier <a href="http://10.0.0.80:1112/M.Alsamman/1261.pdf">http://10.0.0.80:1112/M.Alsamman/1261.pdf</a>
942 ## - ADDED ENTRY ELEMENTS (KOHA)
Source of classification or shelving scheme Dewey Decimal Classification
Koha item type كتاب مصور نادر
Suppress in OPAC No
949 ## - LOCAL PROCESSING INFORMATION (OCLC)
a SA-JeALM
d 260103
u mohamedma123
n 1
Holdings
Withdrawn status Lost status Source of classification or shelving scheme Damaged status Not for loan Home library Current library Date acquired Total checkouts Full call number Barcode Date last seen Price effective from Koha item type
    Dewey Decimal Classification     DR AbdElwahab Library DR AbdElwahab Library 01/14/2026   م ن 252.23 خ ط ي 000022454 01/14/2026 01/14/2026 كتاب مصور نادر
    Dewey Decimal Classification     DR AbdElwahab Library DR AbdElwahab Library 01/14/2026   م ن 252.23 خ ط ي 000022464 01/14/2026 01/14/2026 كتاب مصور نادر